00789cam a22002177a 4500003000500000005001700005008004100022010001000063011001000073035001000083040000900093100002300102245019900125260009200324300002200416650003500438650003700473650001500510700002100525700002500546CHAP20220329142332.0000803d2000 ar r 00110 spa d a81929 a82901 a93406 cCHAP00aRomero, Eduardo R.13aEl Glifosato su empleo como madurador de la caña de azúcar en Tucuman-Argentinabresultados obtenidos y recomendaciones de manejoc/por Eduardo R. Romero, Jorge Scandaliaris y Mariana Rufino aTucumán, Argentina :bEstación Experimental Agroindustrial Obispo Colombres,c2000. a24 p. :bgráfs.14aCaña de azúcarxArgentina.14aCaña de azúcarxRendimiento.14aGlifosato.0 aRufino, Mariana.0 aScandaliaris, Jorge.